| 000 | 00851 a2200169 4500 | ||
|---|---|---|---|
| 003 | Nust | ||
| 005 | 20221215144358.0 | ||
| 040 | _cNust | ||
| 082 | _a305.26,POW | ||
| 100 |
_aPowys, John Cowper _9105002 |
||
| 245 |
_aThe Art of Growing Old / _cJohn Cowper Powys |
||
| 260 |
_aLondon _bJonathan Cape _c1944 |
||
| 300 | _a217:p .; | ||
| 505 | _aOld Age in Man And Woman (Paeg-7), Feminine Old Age And Nature (Paeg-26),Old Age And The Inner Life (Paeg-50), Old Age And The Elements (Paeg-63), Old Age And Conscience (Paeg-79), Old Age And Good And Evil (Paeg-92), Old Age And Commons Sense (Paeg-106), Old Age And Other People (Paeg-120), Old Age And Literature (Paeg-140), Old Age And Science (Paeg-166), Old Age And The New Order (Paeg-189), Old Age And Death (Paeg-203). | ||
| 650 |
_aThe Art of Growing Old _9105003 |
||
| 942 |
_2ddc _cBK _k305.26,POW |
||
| 999 |
_c184764 _d184764 |
||